Enhancing peace and cooperation in Asia
Na minha lista:
| Outros Autores: | , |
|---|---|
| Formato: | Livro |
| Idioma: | inglês |
| Publicado em: |
New Delhi
IDSA
1986
|
| Assuntos: | |
| Tags: |
Sem tags, seja o primeiro a adicionar uma tag!
|
MARC
| LEADER | 00000nam a2200000 4500 | ||
|---|---|---|---|
| 001 | c100718 | ||
| 005 | 20230315134950.7 | ||
| 020 | |a 81-86619-07-3 | ||
| 041 | 0 | |a eng | |
| 044 | |a IN | ||
| 245 | 1 | 0 | |a Enhancing peace and cooperation in Asia |c Editors Nobuo Matsunaga and Jasjit Singh |
| 264 | 1 | |a New Delhi |b IDSA |c 1986 | |
| 300 | |a 207 s. | ||
| 610 | 2 | 0 | |a situácia hospodárska |
| 610 | 2 | 0 | |a politika |
| 610 | 2 | 0 | |a politika medzinárodná |
| 610 | 2 | 0 | |a spolupráca hospodárska medzinárodná |
| 610 | 2 | 0 | |a spolupráca medzinárodná |
| 610 | 2 | 0 | |a spolužitie mierové |
| 610 | 2 | 0 | |a Ázia |
| 610 | 2 | 0 | |a India |
| 610 | 2 | 0 | |a Japonsko |
| 610 | 2 | 0 | |a more |
| 610 | 2 | 0 | |a bezpečnosť |
| 610 | 2 | 0 | |a bezpečnosť jadrová |
| 610 | 2 | 0 | |a USA |
| 700 | 1 | |a Matsunaga, Nobuo | |
| 700 | 1 | |a Singh, Jasjit | |